| 000 | 01262nam a2200337 a 4500 | ||
|---|---|---|---|
| 001 | 000114161 | ||
| 003 | CHAP | ||
| 005 | 20220329144429.0 | ||
| 008 | 171109s2017 mx sm |||||||spa d | ||
| 010 | _a110622 | ||
| 011 | _a111594 | ||
| 040 | _cCHAP | ||
| 090 | _aTesis | ||
| 100 | 1 |
_aMontelongo Aguilar, Angélica _9134031 |
|
| 245 | 1 | 0 |
_aEstablecimiento de un rodal semillero de Pinus devoniana Lindl; en el Ejido Coapango, municipio de Chilpancingo, Guerrero _h[En línea] _cAngélica Montelongo Aguilar. |
| 260 |
_aChapingo, Méx. : _bEl autor, _c2017. |
||
| 500 | _aPara ver el contenido del material haga clic en la liga | ||
| 502 | _aTesis (Ingeniero Forestal) -- UACH. Division de Ciencias Forestales | ||
| 590 |
_aBATCH-UPD _b05 _c20171109 _lUCH01 _h0901 |
||
| 590 |
_aE6337LMJ _b05 _c20171109 _lUCH01 _h0901 |
||
| 590 |
_aE6337LMJ _b05 _c20171109 _lUCH01 _h0901 |
||
| 590 |
_aE6337LMJ _b05 _c20171109 _lUCH01 _h0927 |
||
| 590 |
_aE6337LMJ _b05 _c20171109 _lUCH01 _h0928 |
||
| 650 | 1 | 4 |
_aPinus devoniana _xGenética. _9134033 |
| 650 | 1 | 4 |
_aPinus devoniana _xPropagación. _9134032 |
| 650 | 1 | 4 |
_aSemillas _xCalidad. _9103881 |
| 856 |
_aFinding aid _uhttp://10.13.5.2/tesis/sist114161.pdf _zTeclea aquí |
||
| 901 | _aBK | ||
| 942 | _cTESIS | ||
| 942 | _n0 | ||
| 999 |
_c110622 _d110622 |
||